Ana Flávia Pires Lucas d' Oliveira consideraçôes da perspectiva de gênero. A violência intrafamiliar e as mulheres /
La autora hace referencia al abordaje que se le ha dado a la violencia intrafamiliar, concretamente en Brasil; con ello, partiendo de una perspectiva de género, se pretende denotar la visión que ha permeado en torno a las mujeres, y su violación de derechos. Asimismo, destaca la configuración y situ...
Guardado en:
| Hovedforfatter: | |
|---|---|
| Andre forfattere: | |
| Format: | Texto |
| Fag: | |
| Tags: |
Tilføj Tag
Ingen Tags, Vær først til at tagge denne postø!
|
MARC
| LEADER | 00000 a a2200000 04500 | ||
|---|---|---|---|
| 001 | 41348 | ||
| 003 | |||
| 040 | |||
| 100 | |a Blima Schraiber, Lilia | ||
| 245 | |a Ana Flávia Pires Lucas d' Oliveira |b consideraçôes da perspectiva de gênero. A violência intrafamiliar e as mulheres / |c Lilia Blima Schraiber | ||
| 520 | |a La autora hace referencia al abordaje que se le ha dado a la violencia intrafamiliar, concretamente en Brasil; con ello, partiendo de una perspectiva de género, se pretende denotar la visión que ha permeado en torno a las mujeres, y su violación de derechos. Asimismo, destaca la configuración y situación de las relaciones de género en el contexto actual. | ||
| 590 | |a AMB/AGOSTO2014 | ||
| 650 | |a MUJERES | ||
| 650 | |a VIOLENCIA INTRAFAMILIAR (ISIS INTERNACIONAL) | ||
| 650 | |a VIOLENCIA CONTRA LAS MUJERES | ||
| 650 | |a RELACIONES DE GENERO | ||
| 650 | |a BRASIL | ||
| 700 | |a Pires Lucas, Ana Flávia | ||
| 773 | |g páginas 30-35 | ||
| 999 | |c 21531 |d 21531 | ||
